| 000 | 00840nam a22001697a 4500 | ||
|---|---|---|---|
| 005 | 20250307103040.0 | ||
| 020 |
_a9789393603432 _c495.00 |
||
| 037 | _bलोकभारती प्रकाशन | ||
| 082 | _a820.8 | ||
| 100 |
_aशर्मा , नासिरा _979366 |
||
| 245 |
_aऔरत की आवाज़ / _cनासिरा शर्मा |
||
| 250 | _aप्रथम | ||
| 260 |
_aप्रयागराज _bलोकभारती प्रकाशन _c2023 |
||
| 270 |
_aपहली मंजिल, दरबारी बिल्डिंग, महात्मा गाँधी मार्ग _bप्रयागराज _e211001 _minfo@lokbhartiprakashan.com |
||
| 300 |
_a166 पृ. _c23 सेमी (सजिल्द) |
||
| 942 |
_2ddc _cHN _h820.8 _mशर्माना |
||
| 999 |
_c209987 _d209987 |
||